[Event "GER Cup GrA+B Seniors 1st"]
[Site "Bad Blankenburg"]
[Date "2011.08.24"]
[Round "3"]
[White "Liebisch, Dieter"]
[Black "Petzold, Hilmar"]
[Result "0-1"]
[WhiteElo "1963"]
[BlackElo "1992"]
[PlyCount "42"]
[EventDate "2011.08.18"]
[EventType "swiss"]
[EventRounds "7"]
[EventCountry "GER"]
[SourceTitle "CBM 144 Extra"]
[Source "ChessBase"]
[SourceDate "2011.10.28"]
[SourceVersion "1"]
[SourceVersionDate "2011.10.28"]
[SourceQuality "1"]

1. d4 Nf6 2. Bf4 g6 3. h3 Bg7 4. e3 0-0 5. Bd3 d6 6. Bh2 c5 7. c3 cxd4 8. cxd4 Nc6 9. Nc3 Qb6 10. Qd2 e5 11. d5 Nb4 12. Be2 Bf5 13. Rc1 Rac8 14. Rd1 Nc2+ 15. Kf1 Qxb2 16. Nb5 Ne4 17. Qa5 a6 18. g4 Bd7 19. Nxd6 Rc5 20. Nc4 Rxc4 21. Bxc4 Nxe3+ 0-1

[Event "GER Cup GrA+B Seniors 1st"]
[Site "Bad Blankenburg"]
[Date "2011.08.24"]
[Round "7"]
[White "Lomer, Edmund"]
[Black "Petzold, Hilmar"]
[Result "0-1"]
[WhiteElo "1930"]
[BlackElo "1992"]
[PlyCount "72"]
[EventDate "2011.08.18"]
[EventType "swiss"]
[EventRounds "7"]
[EventCountry "GER"]
[SourceTitle "CBM 144 Extra"]
[Source "ChessBase"]
[SourceDate "2011.10.28"]
[SourceVersion "1"]
[SourceVersionDate "2011.10.28"]
[SourceQuality "1"]

1. Nf3 Nf6 2. g3 g6 3. Bg2 Bg7 4. d4 0-0 5. 0-0 d6 6. c4 Nbd7 7. Qc2 c6 8. Rd1 Re8 9. Nc3 e5 10. h3 Qe7 11. dxe5 dxe5 12. e4 Nc5 13. Bg5 h6 14. Bxf6 Qxf6 15. Kh2 h5 16. a3 Ne6 17. Ne2 c5 18. Rd5 Nd4 19. Nexd4 cxd4 20. c5 Qe7 21. b4 Be6 22. Rd6 Rec8 23. Qa4 b6 24. Rc1 Rc7 25. h4 bxc5 26. bxc5 Rac8 27. Ra6 Bh6 28. Rd1 Qxc5 29. Ra5 Qc2 30. Nxe5 Bb3 31. Qxd4 Qxd1 32. Qxd1 Bxd1 33. Rd5 Bb3 34. Rb5 Be6 35. Kg1 Rc2 36. Ra5 R8c7 0-1

[Event "GER-ch Seniors 22nd"]
[Site "Berlin"]
[Date "2010.08.22"]
[Round "7"]
[White "Maetzing, Hans Dieter"]
[Black "Petzold, Hilmar"]
[Result "1/2-1/2"]
[WhiteElo "1805"]
[BlackElo "1940"]
[PlyCount "38"]
[EventDate "2010.08.16"]
[EventType "swiss"]
[EventRounds "9"]
[EventCountry "GER"]
[SourceTitle "CBM 138 Extra"]
[Source "ChessBase"]
[SourceDate "2010.10.29"]
[SourceVersion "1"]
[SourceVersionDate "2010.10.29"]
[SourceQuality "1"]

1. Nc3 c5 2. Nf3 Nf6 3. d4 cxd4 4. Nxd4 Nc6 5. Bg5 Qb6 6. Nb3 d6 7. g3 h6 8. Bxf6 gxf6 9. Bg2 Bg7 10. Nd5 Qd8 11. Nf4 h5 12. h4 f5 13. c3 e5 14. Nh3 Bf6 15. e4 fxe4 16. Bxe4 Bg4 17. Bf3 Rg8 18. Bxg4 Rxg4 19. Qd3 e4 1/2-1/2

[Event "GER-ch Seniors 22nd"]
[Site "Berlin"]
[Date "2010.08.16"]
[Round "1"]
[White "Petzold, Hilmar"]
[Black "Janzen, Christian"]
[Result "1-0"]
[WhiteElo "1940"]
[BlackElo "1616"]
[PlyCount "49"]
[EventDate "2010.08.16"]
[EventType "swiss"]
[EventRounds "9"]
[EventCountry "GER"]
[SourceTitle "CBM 138 Extra"]
[Source "ChessBase"]
[SourceDate "2010.10.29"]
[SourceVersion "1"]
[SourceVersionDate "2010.10.29"]
[SourceQuality "1"]

1. e4 e5 2. Nf3 Nc6 3. Bb5 d6 4. 0-0 Bd7 5. c3 Nf6 6. Re1 Be7 7. d4 a6 8. Ba4 0-0 9. Nbd2 Nb8 10. Bb3 exd4 11. cxd4 Qc8 12. Nf1 Bg4 13. h3 Bh5 14. Ng3 Bg6 15. Bg5 Kh8 16. e5 dxe5 17. dxe5 Ng8 18. Rc1 c6 19. Bxe7 Nxe7 20. Qd6 Nf5 21. Nxf5 Bxf5 22. Ng5 Qe8 23. e6 fxe6 24. Nxe6 Bxe6 25. Rxe6 1-0

[Event "Berlin-ch Seniors op 26th"]
[Site "Berlin"]
[Date "2010.02.10"]
[Round "2"]
[White "Hesselbarth, Karlheinz"]
[Black "Petzold, Hilmar"]
[Result "1/2-1/2"]
[WhiteElo "1643"]
[BlackElo "1947"]
[PlyCount "81"]
[EventDate "2010.02.09"]
[EventType "swiss"]
[EventRounds "9"]
[EventCountry "GER"]
[SourceTitle "EXT 2012"]
[Source "ChessBase"]
[SourceDate "2011.11.24"]
[SourceVersion "1"]
[SourceVersionDate "2011.11.24"]
[SourceQuality "1"]

1. d4 Nf6 2. c4 d6 3. Nc3 Nbd7 4. e4 e5 5. d5 Nc5 6. f3 a5 7. Be3 b6 8. Nge2 Be7 9. Qd2 0-0 10. g4 Bxg4 11. fxg4 Nxg4 12. Ng3 Bh4 13. Bh3 Nxe3 14. Qxe3 g6 15. 0-0 a4 16. Kh1 a3 17. b3 Bg5 18. Qe2 Bf4 19. Rad1 Nd7 20. Bxd7 Qxd7 21. Qg2 Kh8 22. Rf3 Rg8 23. Nge2 g5 24. Ng3 g4 25. Rfd3 Rg5 26. Nce2 Rag8 27. Rf1 Qe7 28. Nxf4 exf4 29. Rxf4 Qe5 30. Rxf7 h5 31. Rf5 Rxf5 32. Nxf5 Qa1+ 33. Qg1 Qxa2 34. Qd4+ Kh7 35. Qf6 Qb1+ 36. Kg2 Qb2+ 37. Kf1 Qb1+ 38. Ke2 Qc2+ 39. Ke3 Qc1+ 40. Ke2 Qc2+ 41. Ke3 1/2-1/2

[Event "GER-chT Seniors 17th"]
[Site "Berlin"]
[Date "2008.09.05"]
[Round "6"]
[White "Petzold, Hilmar"]
[Black "Braeunlin, Klaus"]
[Result "1-0"]
[WhiteElo "2017"]
[BlackElo "2150"]
[PlyCount "43"]
[EventDate "2008.08.31"]
[EventType "team-swiss"]
[EventRounds "7"]
[EventCountry "GER"]
[SourceTitle "CBM 126 Extra"]
[Source "ChessBase"]
[SourceDate "2008.11.05"]
[SourceVersion "1"]
[SourceVersionDate "2008.11.05"]
[SourceQuality "1"]

1. e4 c6 2. d4 d5 3. Nc3 dxe4 4. Nxe4 Nf6 5. Nxf6+ exf6 6. Bc4 Be7 7. Ne2 Na6 8. 0-0 Nc7 9. Re1 0-0 10. Bf4 Re8 11. c3 Nd5 12. Bg3 Be6 13. Bb3 b5 14. Nf4 Nxf4 15. Bxf4 Bd6 16. Bg3 Qd7 17. Qf3 Rad8 18. d5 Bxd5 19. Bxd5 cxd5 20. Qxd5 Re6 21. Rad1 g6 22. Rxe6 1-0

[Event "GER-chT Seniors 17th"]
[Site "Berlin"]
[Date "2008.09.04"]
[Round "5"]
[White "Petzold, Hilmar"]
[Black "Walter, Berthold"]
[Result "1-0"]
[WhiteElo "2017"]
[BlackElo "2076"]
[PlyCount "111"]
[EventDate "2008.08.31"]
[EventType "team-swiss"]
[EventRounds "7"]
[EventCountry "GER"]
[SourceTitle "CBM 126 Extra"]
[Source "ChessBase"]
[SourceDate "2008.11.05"]
[SourceVersion "1"]
[SourceVersionDate "2008.11.05"]
[SourceQuality "1"]

1. e4 e5 2. Nf3 Nc6 3. Bb5 a6 4. Ba4 Nf6 5. 0-0 Be7 6. Re1 b5 7. Bb3 0-0 8. h3 d6 9. c3 Nb8 10. d4 Nbd7 11. Nbd2 Bb7 12. Bc2 Re8 13. Nf1 Bf8 14. Ng3 g6 15. a4 Bg7 16. axb5 axb5 17. Rxa8 Qxa8 18. d5 Rd8 19. Be3 Nf8 20. b3 Ne8 21. c4 bxc4 22. bxc4 c5 23. Qa1 Ba6 24. Nd2 Rd7 25. Rb1 Ra7 26. Qb2 Nd7 27. Ba4 Rb7 28. Qc2 Qd8 29. Bc6 Rxb1+ 30. Qxb1 Nef6 31. Qa2 Nb8 32. Bb5 Qb6 33. Qa4 h5 34. Ne2 Kh7 35. Nc3 Bh6 36. Bxh6 Kxh6 37. Bxa6 Nxa6 38. Qb5 Qa7 39. Qa5 Ne8 40. Nb5 Qb7 41. Qd8 Qb8 42. Qe7 Kg7 43. Nf3 Nf6 44. Nxd6 Qf8 45. Qxe5 Qb8 46. Ng5 Qb1+ 47. Kh2 Qe1 48. Ne8+ Kf8 49. Qxf6 Kxe8 50. Qxf7+ Kd8 51. d6 Qd2 52. Ne6+ Kc8 53. Qf8+ Kb7 54. Qe7+ Kc6 55. Nd8+ Kb6 56. Qb7+ 1-0

[Event "GER-chT Seniors 17th"]
[Site "Berlin"]
[Date "2008.09.03"]
[Round "4"]
[White "Zander, Klaus"]
[Black "Petzold, Hilmar"]
[Result "0-1"]
[WhiteElo "1637"]
[BlackElo "2017"]
[PlyCount "42"]
[EventDate "2008.08.31"]
[EventType "team-swiss"]
[EventRounds "7"]
[EventCountry "GER"]
[SourceTitle "CBM 126 Extra"]
[Source "ChessBase"]
[SourceDate "2008.11.05"]
[SourceVersion "1"]
[SourceVersionDate "2008.11.05"]
[SourceQuality "1"]

1. d4 Nf6 2. c4 d6 3. Nf3 g6 4. Nc3 Bg7 5. e4 0-0 6. h3 e5 7. Be3 Nc6 8. Bd3 Nh5 9. Be2 exd4 10. Nxd4 Bxd4 11. Bxd4 Nf4 12. 0-0 Qg5 13. g3 Nxh3+ 14. Kg2 Nf4+ 15. Kg1 Nxe2+ 16. Nxe2 Bh3 17. f4 Qe7 18. Rf2 Qxe4 19. Rc1 Bg4 20. Bf6 Rfe8 21. Nc3 Qf5 0-1

[Event "Berlin-ch Seniors op 23rd"]
[Site "Berlin"]
[Date "2007.02.13"]
[Round "9"]
[White "Albinus, Guenter"]
[Black "Petzold, Hilmar"]
[Result "1/2-1/2"]
[WhiteElo "1838"]
[BlackElo "1919"]
[PlyCount "60"]
[EventDate "2007.02.05"]
[EventType "swiss"]
[EventRounds "9"]
[EventCountry "GER"]
[SourceTitle "EXT 2022"]
[Source "ChessBase"]
[SourceDate "2021.10.06"]
[SourceVersion "1"]
[SourceVersionDate "2021.10.06"]
[SourceQuality "1"]

1. e4 e5 2. Nf3 Nc6 3. Bb5 a6 4. Ba4 Nf6 5. 0-0 Be7 6. Re1 b5 7. Bb3 0-0 8. c3 d6 9. h3 Na5 10. Bc2 c5 11. d4 Qc7 12. Nbd2 cxd4 13. cxd4 Nc6 14. d5 Nb4 15. Bb1 a5 16. Nf1 Bd7 17. a3 Na6 18. Bd2 Nc5 19. b4 axb4 20. Bxb4 Rfc8 21. Re3 Bf8 22. Ne1 g6 23. Kh2 Qb6 24. f3 Bh6 25. Re2 Na4 26. Rc2 Rxc2 27. Qxc2 Rc8 28. Qe2 Nc3 29. Qb2 Nd1 30. Qe2 Nc3 1/2-1/2

[Event "Berlin-ch Seniors op 23rd"]
[Site "Berlin"]
[Date "2007.02.10"]
[Round "6"]
[White "Kornath, Heinrich"]
[Black "Petzold, Hilmar"]
[Result "1/2-1/2"]
[WhiteElo "1775"]
[BlackElo "1919"]
[PlyCount "28"]
[EventDate "2007.02.05"]
[EventType "swiss"]
[EventRounds "9"]
[EventCountry "GER"]
[SourceTitle "EXT 2022"]
[Source "ChessBase"]
[SourceDate "2021.10.06"]
[SourceVersion "1"]
[SourceVersionDate "2021.10.06"]
[SourceQuality "1"]

1. e4 e5 2. Nf3 Nc6 3. d4 exd4 4. Nxd4 Bc5 5. Nxc6 Qf6 6. Qf3 Qxf3 7. gxf3 dxc6 8. Be3 Bxe3 9. fxe3 Be6 10. Rg1 g6 11. Nd2 0-0-0 12. 0-0-0 Ne7 13. Bc4 Bxc4 14. Nxc4 Rhe8 1/2-1/2

[Event "Berlin-ch Seniors op 23rd"]
[Site "Berlin"]
[Date "2007.02.08"]
[Round "4"]
[White "Thieme, Hans"]
[Black "Petzold, Hilmar"]
[Result "1-0"]
[WhiteElo "1917"]
[BlackElo "1919"]
[PlyCount "73"]
[EventDate "2007.02.05"]
[EventType "swiss"]
[EventRounds "9"]
[EventCountry "GER"]
[SourceTitle "EXT 2022"]
[Source "ChessBase"]
[SourceDate "2021.10.06"]
[SourceVersion "1"]
[SourceVersionDate "2021.10.06"]
[SourceQuality "1"]

1. e4 e5 2. Nc3 Nf6 3. Bc4 Be7 4. d3 0-0 5. f4 d6 6. Nf3 Nc6 7. f5 Na5 8. 0-0 c6 9. Bg5 b5 10. Bb3 Bb7 11. Qe1 Nxb3 12. axb3 Nd7 13. Bxe7 Qxe7 14. Qe3 a5 15. g4 f6 16. h4 Rfe8 17. Kh2 d5 18. exd5 cxd5 19. Rae1 Rac8 20. Rf2 b4 21. Na4 Qd6 22. Kh3 d4 23. Qe2 Qd5 24. Qd1 h5 25. Nd2 hxg4+ 26. Kxg4 Nc5 27. Nb6 Qd6 28. Nxc8 Rxc8 29. Ne4 Qd7 30. Nxc5 Rxc5 31. Kh3 Qc6 32. Rg1 Qd5 33. Rfg2 Rc7 34. Qh5 Qd7 35. Rxg7+ Qxg7 36. Rxg7+ Rxg7 37. Qe8+ 1-0

[Event "Berlin-ch Seniors op 23rd"]
[Site "Berlin"]
[Date "2007.02.05"]
[Round "1"]
[White "Petzold, Hilmar"]
[Black "Schoenemann, Manfred"]
[Result "1-0"]
[WhiteElo "1919"]
[BlackElo "1634"]
[PlyCount "55"]
[EventDate "2007.02.05"]
[EventType "swiss"]
[EventRounds "9"]
[EventCountry "GER"]
[SourceTitle "EXT 2022"]
[Source "ChessBase"]
[SourceDate "2021.10.06"]
[SourceVersion "1"]
[SourceVersionDate "2021.10.06"]
[SourceQuality "1"]

1. e4 c5 2. Nf3 d6 3. d4 cxd4 4. Nxd4 Nf6 5. Nc3 g6 6. Be3 Bg7 7. f3 0-0 8. Qd2 Nc6 9. g4 a6 10. 0-0-0 Ne5 11. h4 b5 12. h5 Bb7 13. Bh6 b4 14. Na4 Qa5 15. Bxg7 Kxg7 16. hxg6 fxg6 17. Qh6+ Kf7 18. g5 Qxa4 19. gxf6 Kxf6 20. f4 Nd7 21. Qh4+ Kf7 22. Qxh7+ Kf6 23. Qh4+ Kf7 24. Bc4+ Ke8 25. Ne6 Bxe4 26. Bb3 Qa5 27. Rhe1 d5 28. Nxf8 1-0

[Event "GER-ch Seniors 18th"]
[Site "Dresden"]
[Date "2006.07.28"]
[Round "7"]
[White "Gafke, Manfred"]
[Black "Petzold, Hilmar"]
[Result "1-0"]
[WhiteElo "1693"]
[BlackElo "1944"]
[PlyCount "69"]
[EventDate "2006.07.22"]
[EventType "swiss"]
[EventRounds "9"]
[EventCountry "GER"]
[SourceTitle "EXT 2022"]
[Source "ChessBase"]
[SourceDate "2021.10.06"]
[SourceVersion "1"]
[SourceVersionDate "2021.10.06"]
[SourceQuality "1"]

1. d4 Nf6 2. Nf3 g6 3. c4 Bg7 4. Nc3 0-0 5. e4 d6 6. h3 e5 7. d5 Nbd7 8. Bd3 Nc5 9. Bc2 a5 10. Be3 Ne8 11. Qd2 f5 12. Bh6 fxe4 13. Bxg7 Kxg7 14. Bxe4 Nxe4 15. Nxe4 Rf4 16. Qe3 Nf6 17. Ned2 b5 18. g3 Rf5 19. b3 a4 20. 0-0 Rh5 21. h4 Bh3 22. Rfc1 Ng4 23. Qe2 axb3 24. axb3 Rxa1 25. Rxa1 Rf5 26. Ne4 h6 27. cxb5 Nf6 28. Nxf6 Rxf6 29. Nd2 Qd7 30. Ra7 Rf7 31. b6 Qc8 32. b7 Qb8 33. Qa6 Qd8 34. Ra8 Qf6 35. Qe2 1-0

[Event "GER-ch Seniors 18th"]
[Site "Dresden"]
[Date "2006.07.27"]
[Round "6"]
[White "Petzold, Hilmar"]
[Black "Baudner, Guntmar"]
[Result "0-1"]
[WhiteElo "1944"]
[BlackElo "1936"]
[PlyCount "72"]
[EventDate "2006.07.22"]
[EventType "swiss"]
[EventRounds "9"]
[EventCountry "GER"]
[SourceTitle "EXT 2022"]
[Source "ChessBase"]
[SourceDate "2021.10.06"]
[SourceVersion "1"]
[SourceVersionDate "2021.10.06"]
[SourceQuality "1"]

1. e4 c5 2. Nf3 d6 3. d4 cxd4 4. Nxd4 Nf6 5. Nc3 g6 6. Be3 Bg7 7. f3 0-0 8. Qd2 Nc6 9. 0-0-0 d5 10. exd5 Nxd5 11. Nxc6 bxc6 12. Nxd5 cxd5 13. Bc4 e6 14. Bh6 Qb6 15. Bxg7 Kxg7 16. Bb3 a5 17. Qd4+ Qxd4 18. Rxd4 Ba6 19. h4 Rfc8 20. c3 Bb5 21. a4 Ba6 22. Bc2 Rab8 23. Bd3 Bxd3 24. Rxd3 Rc4 25. Rd4 Rxd4 26. cxd4 Rb4 27. Rd1 Rxa4 28. Kc2 Rc4+ 29. Kd3 a4 30. Rd2 Kf6 31. Rc2 Rb4 32. Kc3 Rb3+ 33. Kd2 Kf5 34. Kc1 Rb4 35. Rd2 Kf4 36. Rd3 Kg3 0-1

[Event "GER-ch Seniors 18th"]
[Site "Dresden"]
[Date "2006.07.26"]
[Round "5"]
[White "Szymaniak, Horst"]
[Black "Petzold, Hilmar"]
[Result "1-0"]
[WhiteElo "1947"]
[BlackElo "1944"]
[PlyCount "77"]
[EventDate "2006.07.22"]
[EventType "swiss"]
[EventRounds "9"]
[EventCountry "GER"]
[SourceTitle "EXT 2022"]
[Source "ChessBase"]
[SourceDate "2021.10.06"]
[SourceVersion "1"]
[SourceVersionDate "2021.10.06"]
[SourceQuality "1"]

1. e4 e5 2. Bc4 Nf6 3. Nf3 Nc6 4. Nc3 Be7 5. d4 d6 6. h3 0-0 7. 0-0 a6 8. a4 exd4 9. Nxd4 Bd7 10. Re1 Nxd4 11. Qxd4 Qc8 12. Bf4 Be6 13. Bd3 Nd7 14. Nd5 Bxd5 15. exd5 Bf6 16. Qb4 Nc5 17. Rad1 Qd7 18. b3 Rfe8 19. Be3 Nxd3 20. Rxd3 b6 21. Red1 a5 22. Qc4 Re7 23. Bd4 Re4 24. Qc3 Rae8 25. Qc4 Bxd4 26. Rxd4 Rxd4 27. Rxd4 h6 28. Qc3 Re2 29. Rg4 f6 30. Qd3 Qe7 31. Rc4 Re1+ 32. Kh2 Qe5+ 33. g3 Qa1 34. Rxc7 Rh1+ 35. Kg2 Qg1+ 36. Kf3 Rxh3 37. Qd4 Rxg3+ 38. Ke2 Re3+ 39. Kxe3 1-0

[Event "EU-ch Seniors 05th"]
[Site "Bad Homburg"]
[Date "2005.??.??"]
[Round "4"]
[White "Petzold, Hilmar"]
[Black "Panic, Milislav"]
[Result "1-0"]
[WhiteElo "1999"]
[BlackElo "2169"]
[PlyCount "55"]
[EventDate "2005.06.25"]
[EventType "swiss"]
[EventRounds "9"]
[EventCountry "GER"]
[SourceTitle "EXT 2006"]
[Source "ChessBase"]
[SourceDate "2005.11.24"]
[SourceVersion "1"]
[SourceVersionDate "2005.11.24"]
[SourceQuality "1"]

1. e4 e6 2. Nf3 d5 3. Nc3 Nf6 4. e5 Nfd7 5. d4 c5 6. dxc5 Bxc5 7. Bd3 Nc6 8. Bf4 f6 9. exf6 Qxf6 10. Bg3 a6 11. 0-0 0-0 12. Qe2 Nd4 13. Nxd4 Bxd4 14. Nd1 Be5 15. Nc3 Bxg3 16. fxg3 Qd4+ 17. Kh1 Nf6 18. Rf4 Qb6 19. Raf1 Bd7 20. g4 Qd6 21. g5 e5 22. Rxf6 Rxf6 23. gxf6 e4 24. Nxe4 dxe4 25. Qxe4 g6 26. Bc4+ Kh8 27. Qe3 Rf8 28. f7 1-0

[Event "EU-ch Seniors 05th"]
[Site "Bad Homburg"]
[Date "2005.??.??"]
[Round "1"]
[White "Stimpel, Franz"]
[Black "Petzold, Hilmar"]
[Result "1-0"]
[WhiteElo "2327"]
[BlackElo "1999"]
[PlyCount "102"]
[EventDate "2005.06.25"]
[EventType "swiss"]
[EventRounds "9"]
[EventCountry "GER"]
[SourceTitle "EXT 2006"]
[Source "ChessBase"]
[SourceDate "2005.11.24"]
[SourceVersion "1"]
[SourceVersionDate "2005.11.24"]
[SourceQuality "1"]

1. d4 Nf6 2. c4 d6 3. Nc3 Nbd7 4. e4 e5 5. Nf3 g6 6. Be2 Bg7 7. 0-0 0-0 8. Re1 c6 9. d5 cxd5 10. cxd5 Ne8 11. Bg5 f6 12. Bh4 Qb6 13. Qc2 Nc5 14. Nd2 a6 15. Rab1 f5 16. Nc4 Qc7 17. f3 b5 18. Nd2 Nf6 19. Nd1 Bh6 20. Bd3 Qg7 21. Bf2 Nxd3 22. Qxd3 fxe4 23. Nxe4 Nxe4 24. fxe4 Bd7 25. Be3 Bf4 26. Bxf4 Rxf4 27. b4 Raf8 28. Ne3 Qh6 29. Rf1 Qg5 30. Rbe1 Bh3 31. Qe2 Rf3 32. Rxf3 Rxf3 33. Nf1 Rf8 34. Ng3 Bg4 35. Qd3 Qe7 36. Qe3 h5 37. h3 Bd7 38. Rf1 Rxf1+ 39. Nxf1 Be8 40. Qb6 g5 41. Qxa6 Bg6 42. Ng3 Qd7 43. Qc6 Qa7+ 44. Kh2 h4 45. Qc8+ Kh7 46. Nf5 Qf7 47. g4 hxg3+ 48. Kxg3 Qa7 49. Qc2 Qg1+ 50. Qg2 Qe1+ 51. Qf2 Qxe4 1-0

[Event "GER-chT Seniors 12th"]
[Site "Finsterbergen"]
[Date "2003.08.15"]
[Round "6.3"]
[White "Petzold, Hilmar"]
[Black "Hagen, Horst"]
[Result "0-1"]
[WhiteElo "1987"]
[BlackElo "2137"]
[PlyCount "86"]
[EventDate "2003.08.10"]
[EventType "team"]
[EventRounds "7"]
[EventCountry "GER"]
[SourceTitle "EXT 2012"]
[Source "ChessBase"]
[SourceDate "2011.11.24"]
[SourceVersion "1"]
[SourceVersionDate "2011.11.24"]
[SourceQuality "1"]
[WhiteTeam "Berlin II"]
[BlackTeam "Baden"]
[WhiteTeamCountry "GER"]
[BlackTeamCountry "GER"]

1. e4 c5 2. Nf3 Nc6 3. Bb5 g6 4. 0-0 Bg7 5. c3 Qb6 6. Bxc6 bxc6 7. Re1 e5 8. d3 Ne7 9. Nbd2 0-0 10. Nc4 Qc7 11. Qa4 d6 12. h3 Bd7 13. Qa5 Qxa5 14. Nxa5 Rab8 15. Nc4 Nc8 16. Bd2 f6 17. b3 Re8 18. Rad1 Bf8 19. Bc1 Nb6 20. Nxb6 axb6 21. d4 cxd4 22. cxd4 Be6 23. Be3 c5 24. dxe5 dxe5 25. Re2 Be7 26. Rc2 Kf7 27. Ne1 Red8 28. Rxd8 Rxd8 29. Rd2 Rxd2 30. Bxd2 c4 31. bxc4 Bxc4 32. a4 Bd8 33. f4 exf4 34. Bxf4 Bb3 35. Nd3 Bxa4 36. Nb4 Ke6 37. Kf2 Be7 38. Bd2 Bc5+ 39. Kf3 Bd1+ 40. Kg3 Ke5 41. Bc3+ Kxe4 42. Na6 Bd6+ 43. Kf2 f5 0-1

[Event "Wch Seniors 13th"]
[Site "Bad Zwischenahn"]
[Date "2003.??.??"]
[Round "?"]
[White "Petzold, Hilmar"]
[Black "Gutknecht, Christa"]
[Result "1-0"]
[WhiteElo "1950"]
[BlackElo "1665"]
[PlyCount "69"]
[EventDate "2003.11.16"]
[EventType "swiss"]
[EventRounds "11"]
[EventCountry "GER"]
[SourceTitle "CBM 097 Extra"]
[Source "ChessBase"]
[SourceDate "2004.01.13"]
[SourceVersion "1"]
[SourceVersionDate "2004.01.13"]
[SourceQuality "1"]

1. e4 d5 2. exd5 Qxd5 3. Nc3 Qa5 4. Nf3 Nf6 5. Bc4 Bf5 6. d3 c6 7. Bd2 Nbd7 8. Qe2 e6 9. 0-0-0 Qc7 10. h3 Bd6 11. Nd4 0-0-0 12. Nxf5 exf5 13. Bxf7 Kb8 14. Rhe1 Ne5 15. Bb3 Rhe8 16. Qf1 h6 17. f4 Nf7 18. Kb1 Nh5 19. Qf3 g6 20. g4 Ng7 21. a3 Re7 22. Rxe7 Qxe7 23. Re1 Qd7 24. Ne2 Re8 25. Nd4 Rxe1+ 26. Bxe1 c5 27. Ne2 Nd8 28. Bc3 Nge6 29. gxf5 gxf5 30. Qd5 Nf8 31. Be5 Kc7 32. Qxc5+ Nc6 33. Nc3 Bxe5 34. Nb5+ Kb8 35. Qxf8+ 1-0

[Event "Wch Seniors 13th"]
[Site "Bad Zwischenahn"]
[Date "2003.??.??"]
[Round "?"]
[White "Rettler, Heinz"]
[Black "Petzold, Hilmar"]
[Result "1/2-1/2"]
[WhiteElo "1875"]
[BlackElo "1950"]
[PlyCount "102"]
[EventDate "2003.11.16"]
[EventType "swiss"]
[EventRounds "11"]
[EventCountry "GER"]
[SourceTitle "CBM 097 Extra"]
[Source "ChessBase"]
[SourceDate "2004.01.13"]
[SourceVersion "1"]
[SourceVersionDate "2004.01.13"]
[SourceQuality "1"]

1. e4 e5 2. Nf3 Nc6 3. Bb5 a6 4. Ba4 Nf6 5. 0-0 Be7 6. Re1 b5 7. Bb3 0-0 8. a4 Rb8 9. d3 d6 10. h3 Na5 11. Ba2 c5 12. Nc3 h6 13. axb5 axb5 14. Nd5 Nxd5 15. Bxd5 Bb7 16. Bd2 b4 17. Bxb7 Rxb7 18. b3 Qc7 19. Be3 Nc6 20. Nd2 Bg5 21. Nc4 Bxe3 22. fxe3 f5 23. exf5 d5 24. Nd2 Rxf5 25. Rf1 Rxf1+ 26. Qxf1 Ne7 27. Ra8+ Rb8 28. Ra6 Rf8 29. Qe2 Nf5 30. Ra1 d4 31. e4 Ne3 32. Nc4 Nxc4 33. dxc4 Qf7 34. g3 Qf6 35. Kg2 Qg6 36. Ra7 Kh7 37. Re7 Qf6 38. Rd7 Qe6 39. Rd5 Qe7 40. Qh5 g5 41. Qg4 Rf7 42. Qc8 Qa7 43. Qg4 Kg7 44. h4 Qa1 45. Qe2 gxh4 46. gxh4 Kh7 47. Kh2 Qc1 48. Qg2 Qe3 49. h5 Rg7 50. Rd7 Qf4+ 51. Kg1 Qc1+ 1/2-1/2

[Event "Cappelle op 06th"]
[Site "Cappelle la Grande"]
[Date "1990.02.21"]
[Round "5"]
[White "Petzold, Hilmar"]
[Black "Moingt, Jean Claude"]
[Result "1/2-1/2"]
[WhiteElo "2160"]
[BlackElo "2265"]
[PlyCount "37"]
[EventDate "1990.02.18"]
[EventType "swiss"]
[EventRounds "9"]
[EventCountry "FRA"]
[SourceTitle "EXT 2004"]
[Source "ChessBase"]
[SourceDate "2003.11.25"]
[SourceVersion "1"]
[SourceVersionDate "2003.11.25"]
[SourceQuality "1"]

1. e4 c5 2. Nf3 d6 3. d4 cxd4 4. Nxd4 Nf6 5. Nc3 g6 6. Be2 Bg7 7. Be3 0-0 8. 0-0 Nc6 9. Nb3 a5 10. a4 Be6 11. Nd4 Nxd4 12. Bxd4 Rc8 13. f3 Bc4 14. Qd2 e5 15. Be3 Bxe2 16. Qxe2 d5 17. exd5 Nxd5 18. Nxd5 Qxd5 19. Rfd1 1/2-1/2